Statistiques concernant Musique par lettre - C

Cliquez ici pour prendre le quiz!

Statistiques générales

  • Ce quiz a été pris 4 687 fois
    (3 087 depuis la dernière actualisation)
  • Le résultat moyen est 8 sur 16

Statistiques - réponses

QuestionsRéponses% Correct
Lacs irlandais rendus célèbres par Michel SardouConnemara
94%
Titre d'une chanson du groupe Téléphone et prénom d'une héroïne de Charles PerraultCendrillon
85%
Hit de 2012 interprété par Carly Rae JepsenCall me maybe
78%
Chanteur français, révélé par la saison 5 de The Voice, accordéonisteClaudio Capéo
71%
Festival de musique qui se tient depuis 1999 dans une vallée près de Los Angeles (USA)Coachella
62%
Groupe britannique, créé en 1996, dont le leader s'appelle Chris MartinColdplay
59%
Titre d'une chanson française adaptée en anglais sous le nom "My Way"Comme d'habitude
52%
Petit instrument à percussion, particulièrement utilisé dans le FlamencoCastagnettes / Cajon
50%
Groupe de punk-rock britannique, interprète de "Should I Stay or Should I Go"The Clash
48%
Robert Smith est la figure emblématique de ce groupe britannique, connu pour son titre "Boys Don't Cry"The Cure
44%
Chanteuse latino-américaine, ancienne membre des Fifth HarmonyCamila Cabello
43%
Chanson d'Eddy Mitchell, qui évoque une boisson sucréeCouleur menthe à l'eau
41%
Titre d'un standard du jazz de 1955 et d'une chanson du premier album de Justin TimberlakeCry me a river
28%
Chanteur français, interprète de "Kiss me", "C'est moi", "Et tu danses avec lui"...C.Jérôme
26%
Groupe de new wave et pop anglaise des années 80 dont le membre le plus célèbre est Boy GeorgeCulture Club
19%
Auteur-interprète de "Comme un avion sans ailes"Charlélie Couture
14%

Distribution des résultats

Percentile par nombre de réponses

% des personnes avec chaque résultat

Votre développement - résultats

Vous n’avez pas pris ce quiz depuis la dernière actualisation